| 000 | 00500cam a2200169 a 4500 | ||
|---|---|---|---|
| 020 | _a1853395226 | ||
| 040 | _cUKM | ||
| 082 | 0 | 4 | _a016 ITD 2001 C153 Or. |
| 100 | 1 | _aMartin, Marina | |
| 245 | 1 | 0 |
_aEthnoveterinary medicine : _ban annotated bibliography of community animal healthcare / |
| 260 |
_aLondon : _bITDG Publishing, _c2001 |
||
| 300 |
_axii, 611 p. ; _c24 cm |
||
| 650 | 0 | _aTraditional veterinary medicine | |
| 700 | 1 | _aMathias, Evelyn | |
| 700 | 1 | _aMcCorkle, Constance M | |
| 942 | _cAEDBB | ||
| 999 |
_c18866 _d18866 |
||